Best Berlusconi political gaffes - Statistics

General Stats
  • This quiz has been taken 46 times
  • The average score is 5 of 12
Answer Stats
Saying or doing Answer % Correct
Using the Italian phrase "culona inchiavabile" (unf*ckable lard-arse) to define this female politician Angela Merkel
90%
About this American politician "He is young, handsome and sun-tanned" Barack Obama
90%
"When asked if they would like to have ... with me, 30% of women said, 'Yes', while the other 70% replied, 'What, again?'" Sex
68%
"It's better to like beautiful girls than to be..." Gay
65%
This nation "boiled babies for fertiliser" during Communist age China
60%
To this German President of European Parliament: "A film-producer is making a film about Nazi concentration-camps. I will recommend you for the role of a Kapo!" Martin Schulz
45%
During a photo shoot with EU leaders, he held up his pinkie and forefinger behind the head of foreign minister of this country Spain
40%
"I am the... of Italian politics. I am a patient victim, I put up with everyone, I sacrifice myself for everyone." Jesus Christ
33%
Introducing a political colleague "Look at her! I’d marry her if I weren’t married already" Mara Carfagna
20%
"Parma is synonymous with good cuisine. People from... don’t even know what prosciutto is" Finland
18%
During a Brussels summit "Let's talk about football and women." (Turning to four-times-married German Chancellor, .... ) " Why don't you start? Gerhard Schroeder
13%
"Another reason to invest in Italy is that we have beautiful... : superb girls! " Secretaries
3%
No matching quizzes found
Score Distribution
Percent of People with Each Score
Percentile by Number Answered
Your Score History
You have not taken this quiz